[Event "Beersheba-Peterburg Kings m"]
[Site "St Petersburg"]
[Date "1999.06.08"]
[Round "4"]
[White "Lugovoi, Aleksei"]
[Black "Mikhalevski, Victor"]
[Result "1/2-1/2"]
[WhiteElo "2510"]
[BlackElo "2531"]
[Annotator "Mikhalevski,V"]
[PlyCount "68"]
[EventDate "1999.06.??"]
[EventType "schev"]
[EventRounds "10"]
[EventCountry "RUS"]
[SourceTitle "CBM 072"]
[Source "ChessBase"]
[SourceDate "1999.10.01"]
[SourceVersion "1"]
[SourceVersionDate "1999.10.01"]
[SourceQuality "1"]

{[%mdl 4]} 1. d4 Nf6 2. c4 g6 3. Nc3 d5 4. Nf3 Bg7 5. Qb3 dxc4 6. Qxc4 O-O 7.
e4 a6 8. e5 b5 9. Qb3 Nfd7 10. e6 $5 fxe6 11. Be3 {Firstly this idea had been
applied in the game of two little-known players.That game has remained
imperceptible for all,but not for Kasparov.He worked up this idea and
introduced it in his brilliant game against Svidler in Wijk aan Zee 1999.} (11.
Qxe6+) 11... Nf6 $1 {Probably the best reaction which was demonstrated by
Shirov in the rapidplay game in Monaco later this year.} (11... Nb6 {Allows
white starting of direct attack by means of} 12. h4 Nc6 (12... Nd5 $5 13. h5
Nxe3 14. fxe3 c5 15. hxg6 hxg6 16. Qc2 e5 17. dxc5 Bf5 18. e4 Bg4 19. Be2 Bxf3
20. gxf3 Nc6 21. Qb3+ Rf7 22. Kf2 Nd4 23. Qd1 e6 24. Qg1 b4 25. Na4 Nxf3 26.
Bxf3 Qd2+ 27. Kg3 Qf4+ 28. Kh3 Qxf3+ 29. Qg3 Qxe4 30. Raf1 Raf8 31. Qg2 Qd3+ {
0-1 Levtchouk,G-Duong Thanh Nha/Quebec 1992/EXT 98 (31)}) 13. h5 Rxf3 14. gxf3
Nxd4 15. Rd1 c5 16. Bxd4 cxd4 17. hxg6 h6 18. Rh5 Qe8 19. Ne2 Qxg6 20. Rh1 Kh8
21. Rg1 Qf7 22. Nxd4 Nd5 23. Qd3 Bd7 24. Qe4 Rc8 25. Bd3 Nf6 26. Qh4 Rc5 27.
Ne2 Nd5 28. Rg6 Qf8 29. Qe4 Qf7 30. Kd2 Nf6 31. Qe3 {1-0 Kasparov,G-Svidler,P/
Wijk aan Zee NED 1999 (31) CBM69[Ftacnik]}) 12. a4 $1 {[%csl Rb5] Kasparov's
recommendation.As Black's knight has left queen side White starts playing on
this part of the board.} bxa4 13. Rxa4 Nd5 $1 {This is the point of Shirov's
idea.Strong khight on d5 supported in case of necessity by the c-pawn is a
serious barrier on the way of developing of White's initiative.} (13... Nc6 {
This Svidler's attempt to find another method of defence wasn't very
successful in his game against Karpov in Dos Hermanas 1999.} 14. Bc4 Rb8 15.
Bxe6+ Kh8 16. Qc4 Bxe6 17. Qxe6 Qd6 18. Ng5 Rxb2 19. O-O Nd8 20. Qh3 Qd7 21.
Qxd7 Nxd7 22. Rxa6 Nb6 (22... Rc2 {Maybe this move will help to liven up
Svidler's Nc6.} 23. Nce4 Nf6 24. Nc5 Kg8 25. Ra7 Nd5 26. Nd7 Nc6 27. Nxf8 Nxa7
28. Nfe6 Bf6 29. Ra1 Bxg5 30. Nxg5 Nb5 31. h4 Nd6 32. Ra8+ Kg7 33. Ne6+ Kf6 34.
Nf4 Nxe3 35. fxe3 Nf5 36. Rf8+ Kg7 37. Ne6+ Kh6 38. e4 Ne3 39. Kh2 Rxg2+ 40.
Kh3 Rg4 41. Rf7 g5 42. hxg5+ Kg6 43. Rg7+ Kh5 44. Rxh7+ Kg6 45. Rg7+ Kh5 46.
Rxe7 c6 47. Nd8 Kxg5 48. Nxc6 Kf4 49. Rf7+ Kxe4 50. Re7+ Kd5 51. Rxe3 Rg6 52.
Ne7+ Kxd4 53. Nf5+ Kd5 54. Kh4 Re6 55. Ra3 Re1 {1/2-1/2 Sundararajan,K-Atakisi,
U/Yerevan ARM 1999 (55)}) 23. h4 Rc2 24. Nce4 h6 25. Nf3 Nc6 26. Raa1 Nb4 27.
Rfc1 Rxc1+ 28. Rxc1 N4d5 29. Nc5 Rf6 30. Bd2 Rd6 31. Nb7 Rf6 32. Ne5 Kh7 33. g3
Rf8 34. Nc5 Ra8 35. Rc2 Rd8 36. Kg2 Bxe5 37. dxe5 Nd7 38. Nxd7 Rxd7 39. Rc6 Nb6
40. Bc1 Rd5 41. Re6 Nc8 42. h5 gxh5 43. Rxh6+ Kg7 44. Rxh5 $16 c5 45. Kf3 c4
46. Be3 e6 47. Rh4 Ne7 48. Rxc4 Ng6 49. Bd4 {1-0 Karpov,A-Svidler,P/Dos
Hermanas ESP 1999 (49)}) 14. Bc4 ({In the middle of Sertember Kozul comes with
a new idea:} 14. h4 $5 {and wins easily} Qd6 15. h5 Bd7 16. hxg6 Bxa4 17. gxh7+
Kh8 18. Qxa4 Nxe3 19. Nh4 e5 20. fxe3 e4 21. Nxe4 Qh6 22. Rh3 Nc6 23. Bd3 e5
24. Ng5 Ne7 25. Ng6+ Nxg6 26. Rxh6 Bxh6 27. Nf3 Ne7 28. Qd7 Rae8 29. Nxe5 Bxe3
30. Nf7+ Kg7 31. h8=Q+ {1-0 Kozul,Z-Ruck,R/Pula CRO 1999 (31)}) 14... c6 15.
Ra3 $5 $146 {[%mdl 8] Prophylaxis.White takes his rook away of possible Nd7-b6.
} ({In the origin game} 15. h4 {was played} Nd7 16. h5 N7b6 17. hxg6 hxg6 18.
Bd3 Nxa4 19. Qxa4 Qd6 20. Bxg6 Rxf3 21. Nxd5 exd5 22. Bh7+ Kf8 23. gxf3 Rb8 $15
24. Qc2 Qb4+ 25. Kf1 Qc4+ 26. Qxc4 dxc4 27. Rh5 Rb5 28. Bg6 Be6 29. Rxb5 axb5
30. Be4 Bd5 31. Ke2 e6 32. Kd2 Ke7 33. Kc2 Kd7 34. Kc1 Kc7 35. Kc2 Kb6 36. Bg6
Kc7 37. Bh5 Kd6 38. Bf4+ e5 39. Bg3 b4 40. Bg4 Bf6 41. Bh5 c5 42. dxe5+ Bxe5
43. Bg4 Bc6 44. Bh5 Bd5 45. Bg4 Bf7 46. f4 Bf6 47. f5+ Kc6 48. Bf3+ Kb5 49. Be4
b3+ {0-1 Piket,J-Shirov,A/Monte Carlo MNC 1999 (49)}) (15. Ne5 Qc7 16. Nxd5
exd5 17. Bxd5+ cxd5 18. Qxd5+ e6 19. Qxa8 Bxe5 20. dxe5 Nc6 21. Rc4 Bb7 22. Qa7
Qa5+ 23. Bd2 Qxd2+ 24. Kxd2 Nxa7 25. Rc7 Rxf2+ 26. Ke3 Rf7 27. Rhc1 Nb5 28.
Rxf7 Kxf7 $15 {0-1 Reilly,T-Feldman,V/Gold Coast AUS 1999 (70)}) 15... Nd7 $1 {
[%cal Gd7b6] Black is not afraid of N:d5.} 16. O-O ({In case of} 16. Nxd5 cxd5
17. Bxd5 {Black comes with} Nc5 $1 18. dxc5 Qxd5 $1 (18... exd5 19. O-O Bg4 20.
Nd4 Kh8 (20... e5 $2 21. Nc6 Qd7 22. Qxd5+ Qxd5 23. Ne7+) (20... Rc8 $5 21.
Rxa6 $140 $6 Bxd4 22. Bxd4 Be2 23. Re6 $13) 21. f4 $1 e5 $140 22. Nc6 Qd7 23.
Nxe5 Bxe5 24. fxe5 Rxf1+ 25. Kxf1 Qf5+ 26. Kg1 Qb1+ 27. Kf2 Qf5+ 28. Kg3 Be2
29. Qb4 (29. h3 $5) 29... Qxe5+ 30. Bf4 $14 {[%csl Gc5,Rh8] ><h8;Pc5}) 19. O-O
Bb7) 16... Rb8 17. Qc2 N7b6 18. Bb3 Nxe3 $1 19. fxe3 Nd5 {[%cal Gd5e3] Another
knight substitutes its gone away colleague.} 20. Re1 (20. Qc1 $5) 20... c5 $1 {
[%mdl 544] Black is giving back his extra pawn in order to repair pawn
structure and make his men more active.} 21. Nxd5 (21. dxc5 Bxc3 $5 22. bxc3
Qc7 {[%csl Rc3,Rc5,Re3] ><c5,c3,e3}) 21... exd5 22. Qxc5 (22. dxc5 $5 Kh8 $15 {
/\Qc7}) 22... Rb5 23. Qc3 (23. Qc6 $5 {was probably the last chance to fight
for advantage.}) 23... Qb6 $6 {[%mdl 8192]} ({After} 23... Bg4 $1 $15 {Black
is slightly better.For example:} 24. Ne5 $140 Bxe5 25. dxe5 Qb6 {[%csl Rb2,Re3]
><e3,b2}) 24. Ba4 $1 {I have missed this original idea.} Rb4 $8 ({In case of} 
24... Rxb2 $2 {the door has been closing traping the rook.} 25. Bb3 $1) 25. Rb3
$1 {It's always useful to change more active pieces of your opponent.} Rxb3 (
25... a5 $5) 26. Qxb3 $1 Qxb3 (26... Qd6 $5 {was interesting creating
counterplay on the king side.} 27. Rc1 (27. e4 Bg4 $1 28. Ne5 (28. e5 Qd8 29.
Rf1 e6) 28... Bxe5 (28... Be6 $5) 29. dxe5 Qc5+ 30. Kh1 Qc4 31. h3 $1 Be6 32.
exd5 $11) 27... Bg4 $1 28. Rc6 Qd8 29. Rxa6 Bxf3 30. gxf3 e5 $1 $132) 27. Bxb3
e6 $1 {[%cal Gc8d7,Gd7b5] Most precise defence.} (27... Be6 28. e4 Rb8 29. exd5
(29. Bxd5 Bxd5 30. exd5 Bf6 31. Ra1 $14) 29... Rxb3 (29... Bf7 30. Bc4 Rxb2 31.
Rxe7 $14) 30. Rxe6 Rxb2 $14) 28. Ba4 $5 {[%csl Rc8]} (28. Rc1 Bb7 29. Rc7 $140
Rf7 30. Rxf7 Kxf7 31. Ng5+ Ke7 32. Nxh7 e5 $1 $132 {[%csl Rb2]}) 28... Rf7 $1 {
[%mdl 256]} 29. Rc1 Bb7 (29... Bd7 $2 30. Bxd7 Rxd7 31. Rc6 (31. Rc8+ $5 Bf8
32. Ra8) 31... Rb7 32. Rxa6 Rxb2 33. Rxe6 $16) 30. Rc3 $5 {[%cal Ga4c6]
Preparing Bc6.} (30. Bc6 $4 Rc7 $19) 30... Bf6 31. Bc6 (31. h4 $5 {[%csl Rg5]})
31... g5 $1 {Black's king will need some space.} (31... Rc7 $2 32. Bxd5 $1 Rxc3
33. Bxe6+) (31... Kf8 $5) 32. g4 Kg7 33. Bxb7 Rxb7 34. Rc6 a5 $1 $138 {Being
short of time I have proposed a draw .Anyway it's the most likely result.} (
34... a5 $1 35. Rc2 $5 (35. h4 $6 gxh4 36. g5 Bd8 37. Rxe6 (37. Rd6 Rf7 $1 38.
Ne5 Bxg5 $1 39. Nxf7 Bxe3+ 40. Kg2 Kxf7 $17) 37... Rxb2 38. Rd6 Be7 39. Rxd5 a4
) (35. Rxe6 Rxb2 36. Ra6 Ra2)) (34... Rxb2 35. Rxe6 (35. Rxa6 Kf7 36. Ra7+ Kg6
37. Ra6 $11) 35... a5 36. Ra6 $1 Ra2 37. Rd6) 1/2-1/2

[Event "Dieren op"]
[Site "Dieren"]
[Date "1998.07.22"]
[Round "2"]
[White "Mikhalevski, Victor"]
[Black "Van Haastert, Edwin"]
[Result "1-0"]
[WhiteElo "2540"]
[BlackElo "2345"]
[Annotator "Mikhalevski,V"]
[PlyCount "89"]
[EventDate "1998.08.??"]
[EventType "swiss"]
[EventRounds "9"]
[EventCountry "NED"]
[SourceTitle "CBM 066"]
[Source "ChessBase"]
[SourceDate "1998.09.30"]
[SourceVersion "1"]
[SourceVersionDate "1998.09.30"]
[SourceQuality "1"]

1. d4 Nf6 2. c4 g6 3. Nc3 d5 4. Nf3 Bg7 5. Qb3 dxc4 6. Qxc4 O-O 7. e4 c6 8. Be2
a5 9. Qb3 a4 10. Qc2 Bg4 (10... a3 $5 11. b4 e5 12. dxe5 Ng4 13. O-O Nxe5 14.
Nxe5 Bxe5 15. Be3 Qf6 16. Rac1 Na6 17. b5 Nc7 18. bxc6 bxc6 19. f4 Bd4 20. Qd2
Ne6 21. e5 Qd8 22. Rfd1 Bb6 23. Kh1 Qxd2 24. Bxd2 Nd4 25. Bc4 Bg4 26. Re1 Rfd8
{1/2-1/2 A.Greenfeld-A.Vydeslaver ch-ISR 1996}) (10... b5 11. O-O b4 12. Nxa4
Nxe4 13. Qxe4 Rxa4 14. Bc4 Bf5 15. Qh4 Nd7 16. Re1 Nf6 17. Bd2 Qd6 18. Rac1 Nd5
19. Bb3 Ra6 20. Rc5 Rb6 21. Ne5 $14 {1-0 Khasin,A-Gurgenidze,B/URS-ch29 1961 
(31)}) 11. Be3 Qa5 (11... a3 12. O-O axb2 13. Qxb2 (13. Rab1 $5) 13... Bc8 14.
h3 Nbd7 15. Rfd1 Qa5 16. e5 Nd5 17. Nxd5 Qxd5 18. Qb4 Rxa2 19. Bc4 Rxa1 20.
Rxa1 c5 21. Qb3 $1 (21. Bxd5 cxb4 22. Rb1 Nb6 23. Be4 Rd8 24. Rxb4 $14 {
1/2-1/2 Guimard Carlos E - Iliesco Juan/Match (2) 1944 (31)}) 21... Qc6 22.
Bxf7+ $1 Rxf7 23. e6 $1 $16) 12. O-O Nbd7 13. Rad1 $5 $146 (13. Rfd1 Rfc8 14.
h3 Bxf3 15. Bxf3 e5 16. d5 cxd5 17. exd5 a3 18. Bd2 e4 19. Be2 axb2 20. Qxb2
Nxd5 21. Nxd5 $1 (21. Qxb7 Nxc3 22. Bxc3 Bxc3 23. Rac1 Nc5 {0-1 Pinzon Solis,
F-Cuellar Gacharna,M/Mar del Plata 1952}) 21... Qxd5 22. Qxg7+ Kxg7 23. Bh6+
Kxh6 24. Rxd5 $15) 13... b5 14. h3 $1 Bxf3 15. Bxf3 e5 16. d5 $1 {[%csl Rg7]
><g7} cxd5 (16... c5 17. d6 $1 $14) 17. Nxd5 Nxd5 18. Rxd5 Nb6 19. Bxb6 $1 Qxb6
20. Be2 {[%csl Ge2,Rg7] ><g7} (20. Qd3 $5) 20... b4 (20... Rac8 $142 21. Qd3 b4
$14) 21. Rb5 $1 Qd6 22. Rd1 Qe7 23. Bc4 $1 (23. Bg4 {Fritz}) 23... Rfc8 24. g3
$1 {securing the king.White has enough time for prophylaxis.} Kh8 (24... h5 $5
{[%cal Gg8h7,Gh5h4]}) 25. b3 axb3 26. axb3 $1 (26. Qxb3 $2 Ra3 $1 27. Qxb4 $140
$2 Qxb4 28. Rxb4 Bf8) 26... Bf8 27. Rbd5 {[%cal Gd5d7] /\Rd7} Ra7 28. Qb2 {
[%csl Re5] ><e5} f6 {[%csl Re6,Rf7,Rg8]} 29. Qe2 $1 {[%csl Rd7][%cal Ge2g4,
Gd5d7] /\Qg4,><d7} Rca8 {[%cal Ga7a2]} 30. Kg2 $1 {White strengthens his
position but Black has to wait.} Qg7 (30... Ra2 31. Qf3 {[%csl Rf6][%cal Gd5d7]
><f6}) 31. Qg4 $1 {[%cal Gd5d7] /\Rd7} Re8 32. Rd7 Rxd7 33. Rxd7 h5 (33... Be7
34. Qe6 $1 Qf8 35. Qf7 $1) (33... Re7 $2 34. Rd8 {[%cal Gg4c8] /\Qc8} Rc7 35.
Qe6 {[%cal Ge6e8]} Re7 36. Qc8 $18) 34. Qd1 $1 (34. Rxg7 $5 hxg4 35. Rxg6 gxh3+
36. Kxh3 $16 {[%cal Gh3g4,Gg4f5] /\Kh3-g4-f5}) 34... Re7 (34... Qh6 35. Qd5 Bg7
36. Rd8 Rxd8 37. Qxd8+ Bf8 38. Qxf6+ Qg7 39. Qe6 $16) 35. Rd8 {[%cal Yd8h8,
Gd1d5,Gd5a8]} Kh7 36. Qd5 Ra7 (36... h4 37. gxh4 $1 {with the idea to play
h4-h5 somewhere to weaken square "f5"}) 37. h4 $1 {prophylaxis again.Black is
helpless.} g5 $2 {[%csl Rf5] Black makes White's task mush easier.He should
wait.} 38. hxg5 fxg5 39. Qe6 {[%cal Ge6f5] /\Qf5} Be7 $8 40. Qf5+ (40. Rg8 Qf6
41. Qh3 Kh6 42. Qc8 {see 40.Qf5}) 40... Kh6 $8 41. Rg8 ({It was possible to
repeat the position one time,but I was sure that move in the game wins
immediately.Unfortunately the reality is not so simple.} 41. Qe6+ Kh7 $8 (41...
Bf6 $2 42. Rg8 Qe7 (42... Re7 43. Qf5) 43. Rh8+ Kg6 44. Qf5+ Kg7 45. Qh7#) (
41... Qf6 $2 42. Rh8+ Kg6 43. Qg8+ Qg7 44. Qe8+ Kf6 45. Qc6+) 42. Qf5+ Kh6 43.
Rg8 (43. Rd5 $5)) (41. Rd5 $5 Qf6 42. Qxe5 $16) 41... Qf6 42. Qc8 $1 g4 $2 {
loses by force} (42... Bd6 $1 {[] was necessary.} 43. Qe8 $1 {[%cal Gg8h8] /
\Rh8} (43. Be6 Rg7 $1 44. Rh8+ Rh7 45. Rxh7+ Kxh7 46. g4 $1 Kh6 $1 (46... hxg4
47. Qg8+ Kh6 48. Bf5 Qg7 49. Qe6+ Kh5 50. Kg3 $1) 47. gxh5 Qf8 $1) 43... Rg7 (
43... Re7 $6 44. Qd8 $1 (44. Rh8+ Rh7 45. Rxh7+ Kxh7 46. Qxh5+ Kg7 47. f3 $16))
44. Rh8+ Rh7 45. Rxh7+ Kxh7 46. Qxh5+ Kg7 47. f3 $16 {and White has to win
after a long play.}) (42... Ra2 $2 43. Rh8+ Kg6 44. Qe8+ Kg7 45. Qg8#) 43. Rh8+
Kg5 (43... Kg6 44. Qe8+) 44. Qg8+ Qg6 45. Rxh5+ $1 (45. Rxh5+ $1 Kxh5 46. Qh8+
$1 (46. Bf7 $18) 46... Qh6 47. Bf7+ Kg5 48. Qxe5#) 1-0